<?xml version="1.0" encoding="UTF-8"?>
<record
    xmlns:xsi="http://www.w3.org/2001/XMLSchema-instance"
    xsi:schemaLocation="http://www.loc.gov/MARC21/slim http://www.loc.gov/standards/marcxml/schema/MARC21slim.xsd"
    xmlns="http://www.loc.gov/MARC21/slim">

  <leader>01702nam a2200277   4500</leader>
  <controlfield tag="001">439</controlfield>
  <controlfield tag="003">OSt</controlfield>
  <controlfield tag="005">20250627150739.0</controlfield>
  <controlfield tag="008">250627b        |||||||e |||| 00| 1 eng d</controlfield>
  <datafield tag="020" ind1=" " ind2=" ">
    <subfield code="a">8572530746</subfield>
  </datafield>
  <datafield tag="040" ind1=" " ind2=" ">
    <subfield code="b">por</subfield>
  </datafield>
  <datafield tag="041" ind1=" " ind2=" ">
    <subfield code="h">por</subfield>
  </datafield>
  <datafield tag="082" ind1=" " ind2=" ">
    <subfield code="a">133.93</subfield>
    <subfield code="b">R666t</subfield>
  </datafield>
  <datafield tag="100" ind1=" " ind2=" ">
    <subfield code="a">Roboels</subfield>
    <subfield code="c">(espirito)</subfield>
    <subfield code="9">962</subfield>
  </datafield>
  <datafield tag="245" ind1=" " ind2=" ">
    <subfield code="a">Transplante de amor / </subfield>
    <subfield code="c">Roboels (espirito) ; Psicografado por K&#xFC;hl Eur&#xED;pedes </subfield>
  </datafield>
  <datafield tag="260" ind1=" " ind2=" ">
    <subfield code="a">S&#xE3;o Paulo</subfield>
    <subfield code="b">Petit</subfield>
    <subfield code="c">2001 </subfield>
  </datafield>
  <datafield tag="300" ind1=" " ind2=" ">
    <subfield code="a">156 p.</subfield>
  </datafield>
  <datafield tag="520" ind1=" " ind2=" ">
    <subfield code="a">Ari e Lu&#xED;za tinham uma vida admir&#xE1;vel. Ele, um ge&#xF3;logo bem-sucedido, &#xE9; premiado com o t&#xED;tulo o "homem do ano", ela, com sua estonteante beleza, &#xE9; eleita "a mulher do s&#xE9;culo". Casal brindado pelo dinheiro e sucesso, atra&#xED;a olhares de curiosos, despertando sentimentos de admira&#xE7;&#xE3;o e inveja por onde quer que passasse. A vida social agitada e a agenda sempre repleta de in&#xFA;meros compromissos impediam que o casal se dedicasse a Anderson e Meire, seus filhos, mas isso n&#xE3;o era motivo de preocupa&#xE7;&#xE3;o, afinal, a aus&#xEA;ncia deles era preenchida por excelentes bens materiais. O transplante - Mas o tempo foi passando e o estresse, aumentando na mesma propor&#xE7;&#xE3;o da fortuna, at&#xE9; que Ari se depara com uma doen&#xE7;a card&#xED;aca. A &#xFA;nica solu&#xE7;&#xE3;o para salv&#xE1;-lo &#xE9; um transplante... A partir dessa descoberta, todo o enfoque de vida familiar se altera e valores at&#xE9; ent&#xE3;o esquecidos s&#xE3;o despertados, transformando o cotidiano de cada personagem

</subfield>
  </datafield>
  <datafield tag="650" ind1=" " ind2="0">
    <subfield code="a">Literatura Brasileira</subfield>
    <subfield code="9">205</subfield>
  </datafield>
  <datafield tag="650" ind1=" " ind2="0">
    <subfield code="a">Psicografias</subfield>
    <subfield code="9">485</subfield>
  </datafield>
  <datafield tag="650" ind1=" " ind2="0">
    <subfield code="a">Fic&#xE7;&#xE3;o Espirita</subfield>
    <subfield code="9">963</subfield>
  </datafield>
  <datafield tag="650" ind1=" " ind2="0">
    <subfield code="a">Transplantes de &#xF3;rg&#xE3;os</subfield>
    <subfield code="9">964</subfield>
  </datafield>
  <datafield tag="655" ind1=" " ind2="0">
    <subfield code="a">Romance</subfield>
    <subfield code="9">23</subfield>
  </datafield>
  <datafield tag="700" ind1=" " ind2=" ">
    <subfield code="a">K&#xFC;hl Eur&#xED;pides</subfield>
    <subfield code="e">(M&#xC9;DIUM) </subfield>
    <subfield code="9">965</subfield>
  </datafield>
  <datafield tag="942" ind1=" " ind2=" ">
    <subfield code="2">ddc</subfield>
    <subfield code="n">0</subfield>
    <subfield code="c">BK</subfield>
  </datafield>
  <datafield tag="952" ind1=" " ind2=" ">
    <subfield code="0">0</subfield>
    <subfield code="1">0</subfield>
    <subfield code="2">ddc</subfield>
    <subfield code="4">0</subfield>
    <subfield code="7">0</subfield>
    <subfield code="8">NFIC</subfield>
    <subfield code="a">BIBIB</subfield>
    <subfield code="b">BIBIB</subfield>
    <subfield code="c">ESP</subfield>
    <subfield code="d">2025-06-27</subfield>
    <subfield code="e">doa&#xE7;&#xE3;o</subfield>
    <subfield code="l">0</subfield>
    <subfield code="o">133.93 / R666t</subfield>
    <subfield code="p">2025-17369</subfield>
    <subfield code="r">2025-06-27 13:55:57</subfield>
    <subfield code="w">2025-06-27</subfield>
    <subfield code="y">BK</subfield>
  </datafield>
  <datafield tag="999" ind1=" " ind2=" ">
    <subfield code="c">439</subfield>
    <subfield code="d">439</subfield>
  </datafield>
</record>
